Click the African Flags - Statistics

General Stats
  • This quiz has been taken 6,710 times
  • The average score is 38 of 54
Answer Stats
Hint Answer % Correct
South Africa
88%
Egypt
87%
Tunisia
84%
Morocco
84%
Kenya
83%
Ivory Coast
82%
Nigeria
82%
Algeria
81%
Uganda
81%
Angola
81%
Somalia
81%
Seychelles
81%
Liberia
80%
Ethiopia
78%
Botswana
76%
Tanzania
75%
Chad
75%
Eswatini
75%
Libya
75%
Sudan
74%
Lesotho
74%
Niger
74%
Madagascar
73%
Central African Republic
73%
Mozambique
73%
Cape Verde
73%
Malawi
71%
Zambia
70%
Democratic Republic of the Congo
70%
Eritrea
69%
Zimbabwe
69%
Burundi
69%
South Sudan
69%
Comoros
68%
Djibouti
68%
Mauritania
68%
Ghana
67%
Rwanda
66%
São Tomé and Príncipe
65%
Burkina Faso
64%
Cameroon
63%
Sierra Leone
63%
Mauritius
63%
Equatorial Guinea
62%
Namibia
62%
Senegal
61%
Gambia
60%
Togo
60%
Gabon
59%
Benin
57%
Republic of the Congo
57%
Mali
54%
Guinea
52%
Guinea-Bissau
52%
No matching quizzes found
Score Distribution
Percent of People with Each Score
Percentile by Number Answered
Your Score History
You have not taken this quiz